| 000 | 00650cab a2200205 4500 | ||
|---|---|---|---|
| 001 | WB2330-12 | ||
| 008 | 090401t1987 xxu||||| |||| 00| 0 eng d | ||
| 035 | _a(Sirsi) u55568 | ||
| 041 | _aeng | ||
| 245 | _aBetter rail service causes rises | ||
| 260 | _c1987 | ||
| 350 | _a0 | ||
| 490 |
_aSunday Times _v26/7/87 p33(2) |
||
| 520 | _aBritish Rail `s electrification programme is pushing up property prices in places like St.Albans , Hastings , East Grinstead , Royston and Grantham . | ||
| 650 | _aCOMMUTERS | ||
| 650 | _aRAILWAYS | ||
| 690 | _aPROPERTY-RESIDENTIAL PROPERTY-RESIDENTIAL PROPERTY MARKET | ||
| 942 | _n0 | ||
| 948 | _c04/03/1997 | ||
| 999 |
_c33957 _d33957 |
||